|
|
|
|
| LEADER |
00000nas a2200000 a 4500 |
| 001 |
ssj0003803 |
| 003 |
WaSeSS |
| 005 |
20200512172242.0 |
| 006 |
m d |
| 007 |
cr n |
| 008 |
011015c19539999nyuqr p s 0 0eng c |
| 010 |
|
|
|a 2009250656
|
| 022 |
|
|
|y 0031-2037
|
| 035 |
|
|
|a (WaSeSS)ssj0003803
|
| 040 |
|
|
|a BUF
|b eng
|c BUF
|d OCLCQ
|d BUF
|d OCLCQ
|d OCLCF
|d OCLCO
|d OCL
|d OCLCQ
|d AUD
|d VT2
|d WaSeSS
|
| 042 |
|
|
|a pcc
|
| 050 |
|
4 |
|a AP4
|b .P245
|
| 050 |
|
4 |
|a PN6014
|b .P37
|
| 082 |
0 |
4 |
|a 051
|
| 130 |
0 |
|
|a Paris review (Online)
|
| 245 |
1 |
4 |
|a The Paris review
|h [electronic resource].
|
| 260 |
|
|
|a Paris ;
|a New York :
|b Paris Review, Inc.
|
| 310 |
|
|
|a Quarterly
|
| 362 |
1 |
|
|a Began with [no. 1] Feb. 1953 issue.
|
| 506 |
|
|
|a License restrictions may limit access.
|
| 515 |
|
|
|a Issues for <winter 1953-fall 2000> called also: <Vol. 1, no. 4-v. 42, no. 156>.
|
| 538 |
|
|
|a Mode of access: World Wide Web.
|
| 588 |
|
|
|a Description based on print version record.
|
| 588 |
|
|
|a Latest issue consulted: Issue 189 (summer 2009) (EBSCOhost, viewed Sept. 25, 2009).
|
| 648 |
|
7 |
|a 1900-2099
|2 fast
|
| 650 |
|
0 |
|a Literature, Modern
|v Periodicals.
|
| 650 |
|
0 |
|a Literature, Modern
|y 20th century
|v Periodicals.
|
| 650 |
|
0 |
|a Literature, Modern
|y 21st century
|v Periodicals.
|
| 650 |
|
0 |
|a Literature, Modern
|x History and criticism
|v Periodicals.
|
| 650 |
|
7 |
|a Literature, Modern.
|2 fast
|0 (OCoLC)fst01000172
|
| 650 |
|
1 |
|a Literature
|v Collections.
|
| 655 |
|
0 |
|a Electronic journals.
|
| 776 |
0 |
8 |
|i Print version:
|t Paris review
|x 0031-2037
|w (DLC) 63054853
|w (OCoLC)1641889
|
| 856 |
4 |
0 |
|z Full text available from Research Library: 04/01/1994 to 07/31/2000
|u https://search.proquest.com/publication/41626
|